Take your Time, Child ( Chinese Edition ) / (Record no. 591713)
[ view plain ]
| 000 -LEADER | |
|---|---|
| fixed length control field | 00404nam a22001337a 4500 |
| 020 ## - INTERNATIONAL STANDARD BOOK NUMBER | |
| International Standard Book Number | 9787549550159 |
| 082 ## - DEWEY DECIMAL CLASSIFICATION NUMBER | |
| Classification number | 895.14 |
| Author Mark | LON |
| 100 ## - MAIN ENTRY--PERSONAL NAME | |
| Personal name | Long, Yingtai |
| 245 ## - TITLE STATEMENT | |
| Title | Take your Time, Child ( Chinese Edition ) / |
| Statement of responsibility, etc. | Yingtai Long |
| 260 ## - PUBLICATION, DISTRIBUTION, ETC. | |
| Name of publisher, distributor, etc. | Guangxi Normal University Press, |
| Date of publication, distribution, etc. | 2014. |
| 300 ## - PHYSICAL DESCRIPTION | |
| Extent | 151 p. ; |
| Dimensions | 23 cm. |
| 880 ## - ALTERNATE GRAPHIC REPRESENTATION | |
| Linkage | 245-02\r |
| Title | 孩子,你慢慢来(彩插新版) / |
| 942 ## - ADDED ENTRY ELEMENTS (KOHA) | |
| Source of classification or shelving scheme | |
| Koha item type | Book |
| Withdrawn status | Lost status | Source of classification or shelving scheme | Damaged status | Not for loan | Permanent Location | Current Location | Shelving location | Date acquired | Source of acquisition | Total Checkouts | Full call number | Barcode | Date last seen | Price effective from | Koha item type |
|---|---|---|---|---|---|---|---|---|---|---|---|---|---|---|---|
| Central Library (CL) | Central Library (CL) | Chinese Studies | 10/12/2022 | Donated by China Embassy | 895.1 LON | CL-D-1966 | 10/12/2022 | 10/12/2022 | Book | ||||||
| Central Library (CL) | Central Library (CL) | Chinese Studies | 10/13/2022 | Donation by China Embassy | 895.1 LON | CL-D-1911 | 10/13/2022 | 10/13/2022 | Book |
